000 00686nam a2200217 i 4500
001 108822
003 ES-MaACL
005 20230906184721.0
007 t|
008 061121s1966 sp r ||||1| spa d
100 1 _aMouroux, Jean.
_983910
245 1 0 _aDel bautismo al acto de fe /
_cJean Mouroux ; traducción del francés por María Esther Vigón.
260 _aMadrid :
_bStudium,
_c1966.
300 _a72 p. ;
_c18 cm.
490 1 _aColección "De Pastoral". Serie B
650 4 _aBautismo.
_9135676
700 1 _aVigón, María Esther.
_9114666
830 0 _aColección "De Pastoral". Serie B
_9230161
852 _aES-MaACL
_jC-32145
_bR.62601
999 _c108822
_d108822